LIBRARY & INFORMATION CENTRE, KCAET, TAVANUR

ONLINE PUBLIC ACCESS CATALOGUE (OPAC)

Analytical solid geometry / (Record no. 5431)

MARC details
000 -LEADER
fixed length control field 00423cam a2200169ua 4500
020 ## - INTERNATIONAL STANDARD BOOK NUMBER
ISBN 81-219-0473-0
041 ## - LANGUAGE CODE
Language code of text/sound track or separate title eng
082 ## - DEWEY DECIMAL CLASSIFICATION NUMBER
Classification number 516.33
Item number SAN/AN
100 ## - MAIN ENTRY--AUTHOR NAME
Personal name Shanti, Narayanan .
245 ## - TITLE STATEMENT
Title Analytical solid geometry /
250 ## - EDITION STATEMENT
Edition statement 15 /
260 ## - PUBLICATION, DISTRIBUTION, ETC. (IMPRINT)
Place of publication New Delhi :
Name of publisher S.Chand and Co ,
Year of publication 1994.
300 ## - PHYSICAL DESCRIPTION
Number of Pages 306 ; .
942 ## - ADDED ENTRY ELEMENTS (KOHA)
Koha item type Books
Holdings
Withdrawn status Lost status Damaged status Home library Current library Date acquired Full call number Accession Number Koha item type
      KAUAET KAUAET 07/04/2012 516.33 18591 Books
free website counter